| 000 | 02209nam0a2200361 4500 | ||
|---|---|---|---|
| 001 | RU\NLR\BIBL_A\012665957 | ||
| 005 | 20220310151450.0 | ||
| 010 |
_a978-5-4446-1489-1 _9500 |
||
| 021 |
_aRU _bКН-П-21-055047 _9КН-П-21-4308 |
||
| 035 | _a(NLR Aleph) 012665957 | ||
| 090 |
_a12770411 _c12770411 |
||
| 100 | _a20211215d2021 k y0rusy50 ca | ||
| 101 | 0 | _arus | |
| 102 | _aRU | ||
| 105 | _aa|||z|||000zy | ||
| 181 | 0 |
_ai3 _bab2e |
|
| 182 | 0 | _an | |
| 200 | 1 |
_aСистема тренировки гребцов на байдарках и каноэ высокой квалификации _eмонография _fП.В. Квашук, И.Н. Маслова, Г.Н. Семаева _gМинистерство спорта Российской Федерации, Федеральное государственное бюджетное учреждение "Федеральный научный центр физической культуры и спорта", Федеральное государственное бюджетное образовательное учреждение высшего образования "Воронежский государственный институт физической культуры" |
|
| 203 |
_aТекст _bвизуальный _cнепосредственный |
||
| 210 |
_aВоронеж _cНаучная книга _d2021 |
||
| 215 |
_a302 с. _cил. _d20 |
||
| 320 | _aБиблиогр.: с. 262-302 (391 назв.) и в подстроч. примеч. | ||
| 606 | 1 |
_aГребля на байдарках _xТренировка _2nlr_sh2 _3RU\NLR\AUTH\6601615737 |
|
| 606 | 1 |
_aГребля на каноэ _xТренировка _2nlr_sh2 _3RU\NLR\AUTH\6601615738 |
|
| 686 | 1 | _aЧ517.177.671.5 | |
| 686 | 1 | _aЧ517.177.651.5 | |
| 700 | 1 |
_aКвашук _bП. В. _gПавел Валентинович |
|
| 701 | 1 |
_aМаслова _bИ. Н. _cканд. пед. наук, физ. культура _gИрина Николаевна _3RU\NLR\AUTH\770174012 |
|
| 701 | 1 |
_aСемаева _bГ. Н. _gГалина Николаевна |
|
| 942 | _cBOOK | ||
| 980 | _aNB | ||